|
|
|
|
| LEADER |
00000nam a2200000Ii 4500 |
| 001 |
DIGUAZUAY0157 |
| 003 |
NyNyDIG |
| 006 |
m o d |
| 007 |
cr ||||||||||| |
| 008 |
250528s2022 ec a o 000 0 spa d |
| 035 |
|
|
|a (OCoLC)1521422819
|
| 040 |
|
|
|a DGITA
|b eng
|e rda
|e pn
|c DGITA
|
| 020 |
|
|
|a 9789942847942
|q eBook
|
| 020 |
|
|
|z 9789942847959
|
| 050 |
1 |
4 |
|a TS1540 ebook
|
| 100 |
1 |
|
|a Palacios Ochoa, Cecilia,
|e author.
|
| 245 |
1 |
0 |
|a Aplicación de tintes naturales en diversas estructuras textiles :
|b técnicas de teñido, tejido plano, tejido de punto y ecoprint /
|c Cecilia Palacios Ochoa, María Elisa Guillén.
|
| 264 |
|
1 |
|a Cuenca, Ecuador :
|b Universidad del Azuay, Casa Editora,
|c 2022.
|
| 300 |
|
|
|a 1 online resource :
|b illustrations.
|
| 336 |
|
|
|a text
|b txt
|2 rdacontent
|
| 337 |
|
|
|a computer
|b c
|2 rdamedia
|
| 338 |
|
|
|a online resource
|b cr
|2 rdacarrier
|
| 347 |
|
|
|a text file
|2 rdaft
|
| 347 |
|
|
|b PDF
|
| 588 |
0 |
|
|a Online resource; title from PDF title page (Digitalia, viewed May 28, 2025)
|
| 650 |
|
0 |
|a Textile fibers.
|
| 650 |
|
0 |
|a Clothing trade.
|
| 650 |
|
0 |
|a Textile industry.
|
| 700 |
1 |
|
|a Guillén, María Elisa,
|e author.
|
| 791 |
2 |
|
|a Digitalia (Firm),
|e distributor.
|
| 793 |
0 |
|
|g Digitalia eBook Collection:
|a Universidad del Azuay
|
| 776 |
0 |
8 |
|i Print version:
|a Palacios Ochoa, Cecilia.
|t Aplicación de tintes naturales en diversas estructuras textiles.
|d Cuenca, Ecuador : Universidad del Azuay, Casa Editora, 2022
|z 9789942847959
|
| 856 |
4 |
0 |
|3 Digitalia Hispánica
|u https://www.digitaliapublishing.com/a/133542/
|
| 910 |
|
|
|a Premium collection: 2025
|